000 00612nam a2200193Ia 4500
008 240729s9999 xx 000 0 und d
022 _a2233-6052
245 0 _aOsong Public Health and Research Perspectives
260 _aKorea, Republic of
260 _bKorea Disease Control and Prevention Agency
650 _a Infectious and parasitic diseases
650 _a Internal medicine
650 _a Internal medicine
650 _a Special situations and conditions | Medicine
650 _aMedicine
856 _uhttps://doaj.org/toc/5f9020236c90420f9b2b99e915810f5c
942 _2ddc
942 _cDOAJEJ
999 _c69692
_d69692
945 _a1
_bMadushi Gamage
_c1
_dMadushi Gamage